[Event "Dubai op 17th"]
[Site "Dubai"]
[Date "2015.04.08"]
[Round "3"]
[White "Gupta, Abhijeet"]
[Black "Idani, Pouya"]
[Result "1/2-1/2"]
[WhiteElo "2625"]
[BlackElo "2496"]
[Annotator "Gupta,A"]
[PlyCount "75"]
[EventDate "2015.04.06"]
[EventType "swiss"]
[EventRounds "9"]
[EventCountry "UAE"]
[SourceTitle "CBM 166"]
[Source "ChessBase"]
[SourceDate "2015.05.11"]
[SourceVersion "1"]
[SourceVersionDate "2015.05.11"]
[SourceQuality "1"]

{The game was played in the 3rd round of the Dubai Open and I had a perfect
score so far and was eager to continue with my winning ways.} 1. Nf3 c5 2. c4
Nc6 3. Nc3 g6 4. g3 Bg7 5. Bg2 d6 6. O-O Bf5 7. a3 {I was expecting this
system as my opponent had played it before and was quite prepared for it.} Qd7
8. b4 $5 {Not the most popular choice but I believe this to be the most
critical test of Black's system.} cxb4 $6 {My opponent reacted inaccurately
after encountering a slight surprise. I believe Black should not accept the
pawn sacrifice as White has more than enough compensation for the sacrificed
material.} (8... Nf6 $5 {is probably better.}) 9. axb4 Nxb4 10. d4 Nf6 11. Qb3
Nc6 12. d5 Nd8 (12... Nb8 13. Ng5 Na6 (13... h6 14. Ne6 fxe6 15. dxe6 Bxe6 16.
Bxb7 Bxc4 17. Qb1 O-O 18. Bxa8 $16 {Black does not have sufficient
compensation for the exchange.}) 14. e4 Nc5 15. Qb1 Bg4 16. f3 h6 17. Nxf7 Kxf7
18. fxg4 Kg8 19. e5 {with a winning attack for White.}) (12... Ne5 13. Nxe5
dxe5 14. Be3 a6 15. Na4 Qc7 16. Bb6 Qc8 17. Ba5 Rb8 (17... Nd7 18. e4) 18. Nb6
Qc5 19. e4 Bg4 20. Qa4+ Kf8 21. h3 Bc8 22. Rfd1 $16) 13. Be3 Ne4 14. Nxe4 $1 {
A strong exchange sacrifice by White which I had prepared at home.} Bxe4 {
My opponent chose not to accept but in any case the advantage is with White.} (
14... Bxa1 15. Nxd6+ exd6 (15... Qxd6 16. Rxa1 O-O 17. c5 Qc7 18. Qc4) 16. Rxa1
O-O 17. Bh6 Re8 18. Qb2 f6 19. Qxf6 b6 20. Qb2 {White is calling the shots
here. Black will find it hard to find good moves and the extra material has no
say.}) 15. Rxa7 Rxa7 16. Bxa7 b5 ({After} 16... O-O 17. Be3 {Black would be
left with a permanently weak pawn on b7.}) 17. Qxb5 Qxb5 18. cxb5 Bxd5 19. Rc1
Ne6 {It is easy to understand Black's move though it might not be the best. He
wants to resolve the position as early as possible and bring out his kingside
to play. The b-pawn looks really dangerous.} ({The computer recommends} 19...
f5 {but is also worse after} 20. b6 (20. Bb6 $5) 20... e5 21. Rc7 O-O 22. Nd2
e4 23. e3 Ne6 24. Rd7 Nc5 25. Rxd6 Ba8 26. Nc4 $16 {White is just better
without any real counter-play for Black.}) 20. Ng5 $1 {A very strong move
possibly missed by my opponent giving me a decisive advantage.} Bxg2 21. Nxe6
fxe6 22. Kxg2 $18 Kd7 23. b6 d5 24. f4 $2 {Does not throw away the win but
already makes it quite difficult for White and increases Black's chances of
survival.} (24. Rc7+ $1 {and a few accurate moves would force resignation from
Black.} Kd8 (24... Kd6 25. e3 {Black's main defence consists of stopping the
white pawn from advancing using his bishop on h2-b8 or g1-a7 diagonal. White
has just prevented all of Black's ideas.}) 25. Bb8 $1 Be5 (25... Bd4 26. b7 $18
Re8 27. Rc8+ Kd7 28. Rxe8 Kxe8 29. Bc7 $18) 26. Rd7+ $1 Kxd7 27. Bxe5 $1 $18 {
was not easy to find.}) 24... Bd4 $1 {Black's best chance.} 25. Kf3 (25. e4 $5
{was an interesting possiblity taking advantage of the awkwardly placed black
pieces.} Rf8 (25... e5 26. exd5 Rf8 27. Rc4) 26. exd5 exd5 27. Rd1 e5 28. fxe5
(28. Rxd4 exd4 29. b7 Kc7 30. b8=Q+ Rxb8 31. Bxb8+ Kxb8 32. Kf2 Kc7 33. Ke2 Kd6
$11) 28... Be3 29. Rd3 $1 {The most precise way...} Bf2 30. Rxd5+ Ke6 31. Ra5
$18 {Leads to a completely won endgame.}) 25... Rf8 26. Rc7+ Kd6 27. Rc2 Kd7
28. Kg2 $2 (28. Kg4) ({The last chance for White was after} 28. e3 Be5 29. Kg4
$1 {Going for the h7-pawn with the king. This surprising manoeuvre gives White
good chances for an advantage.} Bb8 30. Kg5 e5 31. Kh6 exf4 (31... d4 $5 32.
exd4 exf4 33. Kg7 Rc8 34. Rb2 f3 35. Kxh7 Rf8 36. Rf2 Bd6 37. b7 Kc6 38. Bc5
Kxb7 39. Bxd6 exd6 40. h4 $16) 32. exf4 e5 33. fxe5 Ke6 34. Re2 d4 35. Kxh7
Rf7+ 36. Kxg6 Bxa7 37. bxa7 Rxa7 38. g4) 28... e5 $1 $11 29. Rc7+ Kd6 30. fxe5+
Bxe5 31. e3 Ke6 32. Rc2 Kd7 33. b7 Bb8 34. Bb6 Bd6 35. Ba7 {I already did not
see a way to progress and decided to objectively accept the fact that I had
spoiled my chances :-(} Bb8 36. Bc5 Be5 37. Bd4 Bc7 38. Ba7 1/2-1/2

[Event "YUG-chT"]
[Site "Niksic"]
[Date "1996.??.??"]
[Round "5"]
[White "Gurevich, Mikhail"]
[Black "Maksimenko, Andrei"]
[Result "1/2-1/2"]
[WhiteElo "2605"]
[BlackElo "2545"]
[Annotator "Gurevich,M"]
[PlyCount "80"]
[EventDate "1996.??.??"]
[EventType "team"]
[EventRounds "12"]
[EventCountry "YUG"]
[SourceTitle "EXT 2000"]
[Source "ChessBase"]
[SourceDate "1999.11.16"]
[SourceVersion "1"]
[SourceVersionDate "1999.11.16"]
[SourceQuality "1"]

1. c4 c5 2. Nc3 Nc6 3. g3 g6 4. Bg2 Bg7 5. d3 d6 6. Rb1 e5 7. Nf3 Nge7 8. O-O
O-O 9. a3 a5 10. Bd2 Rb8 11. Qa4 $5 {TN /\12.Rfc1,13.Qd1} (11. Qc1 b6 12. Bh6
f6 13. Bxg7 Kxg7 14. Ne1 Be6 15. Nc2 d5 16. cxd5 Nxd5 17. Nxd5 Bxd5 {1/2-1/2
Voskanian,Vahagn-Rogers,Ian/It "Troll Masters", I, Gausdal (Norway) (9) 1995})
11... Be6 (11... h6 $5 {/\12...Be6}) 12. Ng5 $5 Bd7 13. Nge4 Nd4 14. Qd1 Bc6
15. b4 axb4 16. axb4 cxb4 $5 (16... f5 17. Ng5 Bxg2 18. Kxg2 h6 19. Nf3 Nxf3
20. Kxf3 cxb4 21. Rxb4 Qd7 22. Kg2 $14) 17. Rxb4 f5 18. Ng5 h6 19. Nf3 Ne6 $5 (
19... Nxf3+ 20. Bxf3 Bxf3 21. exf3 Nc6 22. Rb1 Nd4 23. Be3 $14) 20. Qb1 g5 $5
$132 21. Ne1 (21. Rc1 g4 22. Ne1 Qd7 $132) 21... g4 22. Nc2 Bxg2 23. Kxg2 Qd7
24. Kg1 (24. Ne3 f4 25. Ned5 f3+ $36) 24... Rf7 25. Rb6 {/\26.Qb5} Nc8 $1 26.
Rb2 h5 $5 27. Nd5 h4 (27... e4 $6 28. dxe4 Bxb2 29. Qxb2 $36) 28. Ne1 (28. Nb6
$5 Nxb6 29. Rxb6 {/\30.Qb5} f4 $132) 28... f4 29. Ng2 Nd4 $5 30. Bc3 f3 31.
exf3 (31. Nxh4 fxe2 32. Re1 Nf3+ $40) 31... Nxf3+ (31... gxf3 32. Nxh4 Ne2+ 33.
Rxe2 fxe2 34. Re1 $16) 32. Kh1 h3 $1 $13 33. Nge3 Ne7 34. Nxe7+ Rxe7 35. Qd1
Rf7 36. Qe2 Rbf8 37. Nd5 Qf5 38. Rfb1 Ng5 39. Kg1 Nf3+ (39... Qf3 40. Qxf3 Rxf3
41. Ne3 $13) (39... Bh6 $6 40. Rxb7 Qxf2+ 41. Qxf2 Rxf2 42. Ne7+ $16) 40. Kh1
Ng5 1/2-1/2

[Event "Nuremberg LGA Cup 3rd"]
[Site "Nuremberg"]
[Date "2006.09.09"]
[Round "4"]
[White "Vijayalakshmi, Subbaraman"]
[Black "Baramidze, David"]
[Result "0-1"]
[WhiteElo "2417"]
[BlackElo "2591"]
[Annotator "Gutman,L"]
[PlyCount "86"]
[EventDate "2006.09.07"]
[EventType "swiss"]
[EventRounds "7"]
[EventCountry "GER"]
[SourceTitle "CBM 114 Extra"]
[Source "ChessBase"]
[SourceDate "2006.11.03"]
[SourceVersion "1"]
[SourceVersionDate "2006.11.03"]
[SourceQuality "1"]

1. Nf3 c5 2. c4 Nc6 3. g3 g6 4. Bg2 Bg7 5. Nc3 d6 6. d3 e6 7. Bf4 (7. O-O Nge7
8. Bd2 O-O 9. Qc1 Nf5 $11 {sieht natürlicher aus, doch bevorzugt die indische
WGM den Läufer auf g7 eingesperrt zu sehen.}) 7... e5 (7... Nge7 8. Qd2 Nf5 $11
{könnte zu schärferem Spiel führen.}) 8. Bd2 Nge7 9. O-O O-O {Eine bekanne
Stellung, in der es Schwarz nicht leicht hat, das Spiel zu komplizieren.} 10.
Ne1 f5 {Dieser Vostoß ist hier nicht unbedingt notwendig. Nachhaltiger
erscheint} (10... Be6 $5 11. Nd5 ({in Kostic-Lalic, Nowi Sad 2005, geschah} 11.
Nc2 d5 12. cxd5 Nxd5 13. Nxd5 Bxd5 14. Bxd5 Qxd5 15. Ne3 Qd7 16. Rc1 b6 17. Qa4
Rad8 18. Bc3 f5 19. Ng2 {, wonach 19...} Nd4 $17 {nachteilig für Weiß wäre})
11... Qd7 $11 {und Schwarz steht bestimmt nicht schlechter.}) 11. Qc1 Rb8 12.
Nc2 a6 13. Ne3 (13. Bg5 Be6 14. Nd5 Qd7 15. Rb1 b5 16. Qd2 $11) 13... b5 ({
Sorgt für Komplikationen, wobei das rühigere} 13... Be6 14. Ned5 b5 15. Bg5 Qd7
$11 {durchaus passabel wäre.}) 14. cxb5 axb5 15. Nxb5 Rxb5 $6 (15... f4 $5 16.
Nd5 Rxb5 17. Nxe7+ Qxe7 18. Bxc6 Rb6 19. Bd5+ Kh8 $44 {mit genügend Spiel für
das geopfertes Material.}) 16. Qc4+ Kh8 17. Qxb5 Nd4 18. Qa5 Qxa5 19. Bxa5 f4
20. Bc7 Nxe2+ (20... Nb5 21. Nc4 Nxc7 22. Nxd6 $14) 21. Kh1 f3 22. Bxd6 fxg2+
23. Kxg2 $2 ({Richtig ist} 23. Nxg2 Rf7 (23... Re8 24. Bxc5 Ba6 25. Rfe1 Nd4
26. Bxd4 exd4 27. Nf4 $16) 24. Bxc5 Bf5 25. Rfe1 Nd4 26. Bxd4 exd4 27. Rac1 $14
{mit besseren Aussichten für Weiß.}) 23... Bb7+ 24. f3 Rf7 ({Vorsichtiger wäre
} 24... Nf5 25. Bxc5 Rc8 26. Bb6 Ba6 27. Nc4 Ned4 $11) 25. Nc4 $6 (25. Bxc5 Nc6
26. Nc2 $14 {sieht wiederum freundlich für Weiß aus.}) 25... g5 (25... Nd4 $5
$11) 26. Bxc5 g4 27. Nd6 Bxf3+ 28. Kf2 $6 (28. Rxf3 gxf3+ 29. Kf2 Rf8 30. Ne4
Re8 31. a4 $14) 28... Rf6 29. Ne8 $2 ({Verliert die Partie, während} 29. Rae1
Nc6 30. Rxe2 Bf8 31. Nb7 Bxc5+ 32. Nxc5 Bxe2+ 33. Kxe2 Nd4+ 34. Ke1 Nc2+ 35.
Ke2 Nd4+ {zum remis führen sollte.}) 29... Rh6 30. h4 Nf5 31. Nxg7 Kxg7 32. Rg1
Rc6 33. b4 Nxg1 34. Kxg1 Nxg3 35. a4 Ne2+ 36. Kf2 Rf6 37. b5 g3+ 38. Ke3 g2 39.
Kd2 Nd4 40. Bxd4 exd4 41. a5 Be4 42. Ke2 Rf1 43. Rxf1 Bxd3+ 0-1

[Event "YUG-ch"]
[Site "Kladovo"]
[Date "1990.??.??"]
[Round "?"]
[White "Dizdar, Goran"]
[Black "Cvetkovic, Srdjan"]
[Result "1/2-1/2"]
[WhiteElo "2470"]
[BlackElo "2435"]
[Annotator "Horn,Pe"]
[PlyCount "40"]
[EventDate "1990.02.??"]
[EventType "tourn"]
[EventRounds "15"]
[EventCountry "YUG"]
[EventCategory "9"]
[SourceTitle "CBM 017"]
[Source "ChessBase"]
[SourceDate "1990.08.01"]
[SourceVersion "1"]
[SourceVersionDate "1990.08.01"]
[SourceQuality "1"]

1. Nf3 c5 2. g3 g6 3. Bg2 Bg7 4. O-O Nc6 5. c3 e5 6. d4 cxd4 7. cxd4 exd4 8.
Na3 Nge7 9. Nb5 O-O (9... Nf5 10. Bf4 O-O 11. g4 Nh4 12. Nxh4 Qxh4 13. h3 {
Todorcevic-Padevski, Vrnjacka Banja 78}) 10. Nbxd4 d5 11. Be3 Nf5 {N} (11...
Re8 12. Qd2 Nf5 13. Nxc6 bxc6 14. Bc5 $13 {Lechtynsky-Tsuboi, Dubai ol 1986})
12. Nxf5 (12. Nxc6 bxc6 (12... Nxe3 13. Nxd8 Nxd1 14. Rfxd1 Rxd8 15. Rd2 $14)
13. Bc5 Re8 {siehe Lechtynsky-Tsuboi}) 12... Bxf5 13. Nd4 Bg4 $1 14. f3 (14. h3
Bxd4 15. Bxd4 Bxe2 16. Qxe2 Nxd4) 14... Re8 15. Bf2 Bd7 16. Re1 Nxd4 17. Bxd4
Rc8 18. e3 Be6 19. Qd2 Bxd4 20. exd4 Qb6 $10 1/2-1/2